[Event "POL-ch U20"]
[Site "Chotowa"]
[Date "2023.10.28"]
[Round "6"]
[White "Boryna, Szymon"]
[Black "Labedz, Dawid"]
[Result "0-1"]
[WhiteElo "1463"]
[BlackElo "1579"]
[PlyCount "38"]
[EventDate "2023.10.24"]
[EventType "swiss"]
[EventRounds "9"]
[EventCountry "POL"]
[SourceTitle "Mega2024 Update 01"]
[Source "Chessbase"]
[SourceDate "2023.11.12"]
[SourceVersion "1"]
[SourceVersionDate "2023.11.12"]
[SourceQuality "1"]

1. c4 e6 2. Nc3 f5 3. g3 Nf6 4. Bg2 c6 5. Nf3 d5 6. cxd5 cxd5 7. b3 Nc6 8. Bb2 d4 9. Na4 Qd6 10. Rc1 e5 11. 0-0 Rb8 12. e3 Be7 13. exd4 e4 14. Ne5 Nxd4 15. Rc4 Ne6 16. Qc1 0-0 17. Nc5 Nxc5 18. Rxc5 Qxc5 19. Qxc5 Bxc5 0-1

[Event "POL-ch U20"]
[Site "Chotowa"]
[Date "2023.10.27"]
[Round "5"]
[White "Boryna, Szymon"]
[Black "Haladaj, Adam1"]
[Result "0-1"]
[WhiteElo "1463"]
[BlackElo "1611"]
[PlyCount "80"]
[EventDate "2023.10.24"]
[EventType "swiss"]
[EventRounds "9"]
[EventCountry "POL"]
[SourceTitle "Mega2024 Update 01"]
[Source "Chessbase"]
[SourceDate "2023.11.12"]
[SourceVersion "1"]
[SourceVersionDate "2023.11.12"]
[SourceQuality "1"]

1. c4 e5 2. Nc3 Nf6 3. Nf3 Nc6 4. e3 Bb4 5. Qc2 Bxc3 6. Qxc3 Qe7 7. a3 d5 8. d4 exd4 9. Nxd4 Nxd4 10. Qxd4 Be6 11. Bd2 c5 12. Qh4 dxc4 13. Bxc4 Bxc4 14. Qxc4 0-0 15. 0-0 Ne4 16. Bc3 b6 17. Rad1 Rad8 18. h3 Qe6 19. Qa4 Qe7 20. Qc4 Rfe8 21. a4 h6 22. Qb3 Rxd1 23. Rxd1 Nxf2 24. Kxf2 Qxe3+ 25. Kf1 Qe2+ 26. Kg1 c4 27. Qb5 Qxd1+ 28. Kh2 Qd6+ 29. Kh1 Qe6 30. a5 bxa5 31. Qxa5 a6 32. Qa4 Kh7 33. Qc2+ Qg6 34. Qf2 Re6 35. Qf1 Re4 36. Qf3 Qe6 37. Qg3 f6 38. Qc7 Re3 39. Qb7 Qe4 40. Qc7 Rxc3 0-1

[Event "POL-ch Rapid U18"]
[Site "Bydgoszcz"]
[Date "2023.08.29"]
[Round "5"]
[White "Boryna, Szymon"]
[Black "Ochedzan, Filip"]
[Result "1-0"]
[WhiteElo "1689"]
[BlackElo "1586"]
[PlyCount "69"]
[EventDate "2023.08.28"]
[EventType "swiss"]
[EventRounds "11"]
[EventCountry "POL"]
[SourceTitle "EXT 2024"]
[Source "ChessBase"]
[SourceDate "2023.10.10"]
[SourceVersion "1"]
[SourceVersionDate "2023.10.10"]
[SourceQuality "1"]

1. c4 e5 2. Nc3 Nf6 3. Nf3 Nc6 4. e3 Be7 5. d4 exd4 6. exd4 d5 7. c5 0-0 8. Be2 Re8 9. 0-0 Bg4 10. Bf4 Nh5 11. Be3 f5 12. Qd2 Nf6 13. Ne5 Bxe2 14. Nxc6 bxc6 15. Qxe2 Qd7 16. Qf3 Ne4 17. Nxe4 dxe4 18. Qg3 Bf6 19. Rfd1 Kh8 20. Bf4 Re7 21. Rd2 h6 22. Rad1 g5 23. Be5 Bxe5 24. dxe5 Qe6 25. Rd8+ Rxd8 26. Rxd8+ Kh7 27. a3 Qc4 28. h4 Qc1+ 29. Kh2 Qf4 30. hxg5 hxg5 31. Qxf4 gxf4 32. b4 Rxe5 33. Kg1 Rd5 34. Rxd5 cxd5 35. b5 1-0

[Event "POL-ch U10"]
[Site "Jastrzebia Gora"]
[Date "2021.??.??"]
[Round "2"]
[White "Chiszko, Oskar"]
[Black "Boryna, Szymon"]
[Result "1-0"]
[WhiteElo "1345"]
[BlackElo "1150"]
[PlyCount "67"]
[EventDate "2021.02.28"]
[EventType "swiss"]
[EventRounds "9"]
[EventCountry "POL"]
[SourceTitle "EXT 2022"]
[Source "ChessBase"]
[SourceDate "2021.10.06"]
[SourceVersion "1"]
[SourceVersionDate "2021.10.06"]
[SourceQuality "1"]

1. e4 e6 2. d4 d5 3. e5 c5 4. c3 Nc6 5. Nf3 Qb6 6. a3 a5 7. Be2 cxd4 8. cxd4 Nge7 9. Nc3 Nf5 10. Be3 Nxe3 11. fxe3 Bd7 12. 0-0 Be7 13. Bd3 0-0 14. h4 h6 15. g3 f6 16. exf6 Bxf6 17. Na4 Qc7 18. Kg2 Be7 19. Rc1 Bd6 20. Qe1 Rab8 21. Nc5 Bxc5 22. Rxc5 b6 23. Rc1 Qc8 24. Ne5 Qc7 25. Rxf8+ Rxf8 26. Bb5 Nxe5 27. Rxc7 Nf3 28. Qe2 Bxb5 29. Qxb5 Ne1+ 30. Kh3 Nf3 31. Qd7 Ng1+ 32. Kg2 Rf2+ 33. Kxf2 Nf3 34. Qxg7# 1-0

[Event "POL-ch U10"]
[Site "Jastrzebia Gora"]
[Date "2021.??.??"]
[Round "5"]
[White "Obrycki, Tomasz"]
[Black "Boryna, Szymon"]
[Result "1/2-1/2"]
[WhiteElo "1374"]
[BlackElo "1150"]
[PlyCount "80"]
[EventDate "2021.02.28"]
[EventType "swiss"]
[EventRounds "9"]
[EventCountry "POL"]
[SourceTitle "EXT 2022"]
[Source "ChessBase"]
[SourceDate "2021.10.06"]
[SourceVersion "1"]
[SourceVersionDate "2021.10.06"]
[SourceQuality "1"]

1. e4 e6 2. d4 d5 3. Nd2 c5 4. exd5 exd5 5. Ngf3 Nc6 6. dxc5 Bxc5 7. Nb3 Bb6 8. Bd3 Nf6 9. 0-0 0-0 10. h3 Qc7 11. Kh1 Be6 12. c3 Rfd8 13. Bg5 Qe7 14. Nbd4 Nxd4 15. Nxd4 Bxd4 16. cxd4 h6 17. Be3 Rac8 18. Qa4 a6 19. Bd2 Qd7 20. Qxd7 Rxd7 21. Ba5 Rd6 22. a4 Ne4 23. Kh2 f5 24. f3 Nf6 25. Rfe1 g6 26. Bb4 Rdc6 27. a5 Nd7 28. Bd2 Kg7 29. b4 Nf8 30. Re2 Bf7 31. Re7 R8c7 32. Rxc7 Rxc7 33. Rc1 Rxc1 34. Bxc1 Ne6 35. b5 axb5 36. Bxb5 h5 37. Kg1 Kf6 38. Kf2 f4 39. Bb2 Nc7 40. Ba4 Be8 1/2-1/2

[Event "POL-ch U10"]
[Site "Jastrzebia Gora"]
[Date "2021.??.??"]
[Round "6"]
[White "Przybys, Bruno"]
[Black "Boryna, Szymon"]
[Result "0-1"]
[WhiteElo "1218"]
[BlackElo "1150"]
[PlyCount "102"]
[EventDate "2021.02.28"]
[EventType "swiss"]
[EventRounds "9"]
[EventCountry "POL"]
[SourceTitle "EXT 2022"]
[Source "ChessBase"]
[SourceDate "2021.10.06"]
[SourceVersion "1"]
[SourceVersionDate "2021.10.06"]
[SourceQuality "1"]

1. e4 e6 2. d4 d5 3. Nd2 c5 4. exd5 exd5 5. Ngf3 Nc6 6. Bb5 Bd6 7. dxc5 Bxc5 8. 0-0 Nge7 9. Nb3 Bb6 10. c3 0-0 11. Re1 a6 12. Bf1 Bg4 13. h3 Bh5 14. Be3 Bxe3 15. Rxe3 Qc7 16. Re1 Rfd8 17. Be2 Bg6 18. Nfd4 Nf5 19. Bd3 Nfxd4 20. Nxd4 Nxd4 21. Bxg6 hxg6 22. Qxd4 Qc4 23. Red1 Rac8 24. Qb6 Qc7 25. Qxc7 Rxc7 26. Rd4 Re7 27. Kf1 Rde8 28. Rad1 Re2 29. R4d2 Rxd2 30. Rxd2 Re5 31. Re2 f6 32. g4 Kf7 33. f4 Rxe2 34. Kxe2 Ke6 35. Kd3 g5 36. f5+ Ke5 37. Ke3 b6 38. a4 b5 39. axb5 axb5 40. b3 Kd6 41. Kd4 Kc6 42. c4 dxc4 43. bxc4 b4 44. c5 b3 45. Kc3 Kxc5 46. Kxb3 Kd4 47. Kb4 Ke3 48. Kc3 Kf3 49. Kd3 Kg3 50. Ke3 Kxh3 51. Kf3 Kh4 0-1